Statistiques concernant Les Pierre célèbres - Photos

Cliquez ici pour prendre le quiz!

Statistiques générales

  • Ce quiz a été pris 345 fois
  • Le résultat moyen est 7 sur 15

Statistiques - réponses

Réponse% Correct
Palmade
91%
Richard
82%
Arditi
78%
Ménès
72%
Niney
70%
Tchernia
53%
Lescure
46%
Bérégovoy
44%
Mauroy
40%
Corneille
38%
Bonte
22%
Joxe
20%
Fresnay
14%
Vernier
7%
Santini
5%

Distribution des résultats

Percentile par nombre de réponses

% des personnes avec chaque résultat

Votre développement - résultats

Vous n’avez pas pris ce quiz